Libertad de conciencia y Europa un estudio sobre las tradiciones constitucionales comunes y el Convenio Europeo de Derechos Humanos /

Bibliographic Details
Main Author: Celador Angn̤, Oscar
Format: Book
Language:Spanish
Published: Madrid : Dykinson, [etc.], 2011
Series:Coleccin̤ Conciencia y Derecho; 8
Subjects:
Online Access:Acceso restringido

MARC

LEADER 00000cam a2200000 a 4500
005 20111213124954.0
007 cr|||| ||||
008 110620s2011 sp b 000 0 spa c
020 |a 9788498491467 
035 |a 5906 
040 |d vLex 
090 |c 2824  |d 2824 
100 1 |a Celador Angn̤, Oscar 
245 1 0 |a Libertad de conciencia y Europa   |h [Recurso electrn̤ico] :  |b un estudio sobre las tradiciones constitucionales comunes y el Convenio Europeo de Derechos Humanos /  |c Oscar Celador Angn̤ 
256 |a Servicio en ln̕ea 
260 |a Madrid :  |b Dykinson, [etc.],  |c 2011 
300 |a 1 recurso electrn̤ico 
490 0 |a Coleccin̤ Conciencia y Derecho;  |v 8 
500 |a Sin lugar a dudas, el derecho de libertad de conciencia es uno de los terrenos donde los estudios sobre el Derecho constitucional comn︢ europeo son cada vez ms̀ necesarios, ya que en sl̤o unas dčadas Europa ha modificado de forma radical sus estructuras. Este cambio, si bien comenz ̤a gestarse en la Europa de la Postguerra, est ̀siendo cada vez ms̀ acusado debido a diversos factores, entre los que destacan: el fenm̤eno migratorio, la profunda secularizacin̤ ideolg̤ica y religiosa que ha experimentado la sociedad europea, y el pluralismo ideolg̤ico y religioso inherente al pleno disfrute de las libertades pb︢licas.  
504 |a Incluye bibliografa̕ 
506 1 |a Contenido solo disponible en los productos indicados  |d vLex Global   |d vLex Global (Academic Edition, excluding Law Schools)   |d vLex Global (U.S. Academic Edition, Law Schools)   |d vLex Global (U.S. Academic Edition, excluding Law Schools)   |d vLex Global (Academic Edition, Law Schools)  
650 0 4 |a Libertad religiosa  |z Europa 
650 0 4 |a Derechos humanos  |z Europa 
740 0 |a vLex Libros (Servicio en ln̕ea) 
856 4 0 |u http://vlex.com/source/libertad-conciencia-europa-5906  |z Acceso restringido 
942 |c BOOK 
999 0 |a Civil law 
999 0 |a Freedom of religion